| 000 -LEADER |
| fixed length control field |
01909 a2200313 4500 |
| 003 - CONTROL NUMBER IDENTIFIER |
| control field |
OSt |
| 005 - DATE AND TIME OF LATEST TRANSACTION |
| control field |
20180116192326.0 |
| 008 - FIXED-LENGTH DATA ELEMENTS--GENERAL INFORMATION |
| fixed length control field |
120229t xxu||||| |||| 00| 0 eng d |
| 010 ## - LIBRARY OF CONGRESS CONTROL NUMBER |
| LC control number |
97022458 |
| 020 ## - INTERNATIONAL STANDARD BOOK NUMBER |
| International Standard Book Number |
0442009917 |
| 020 ## - INTERNATIONAL STANDARD BOOK NUMBER |
| International Standard Book Number |
0471291773 (Wiley : label on cover) |
| 022 ## - INTERNATIONAL STANDARD SERIAL NUMBER |
| International Standard Serial Number |
9780471291770 |
| 040 ## - CATALOGING SOURCE |
| Transcribing agency |
0 |
| 082 00 - DEWEY DECIMAL CLASSIFICATION NUMBER |
| Classification number |
720.47 |
| 100 1# - MAIN ENTRY--PERSONAL NAME |
| Personal name |
Givoni, Baruch. |
| 9 (RLIN) |
321 |
| 245 10 - TITLE STATEMENT |
| Title |
Climate considerations in building and urban design / |
| Statement of responsibility, etc. |
Baruch Givoni. |
| 260 ## - PUBLICATION, DISTRIBUTION, ETC. |
| Place of publication, distribution, etc. |
New York : |
| Name of publisher, distributor, etc. |
Van Nostrand Reinhold, |
| Date of publication, distribution, etc. |
c1998. |
| 300 ## - PHYSICAL DESCRIPTION |
| Extent |
xiv, 464 p. : |
| Other physical details |
ill. ; |
| Dimensions |
29 cm. |
| 505 ## - FORMATTED CONTENTS NOTE |
| Formatted contents note |
Part. 1. Building climatology -- Comfort issues and climate analysis for building design -- Architectural features affecting the indoor climate -- material properties and thermal performance of buildings -- passive solar heating systems -- Passive cooling of buildings -- Climatic characteristics of housing types -- Part.2. Urban climatology -- General characteristics of the urban climate -- urban design effects on the urban climate -- impact of green areas on site and urban climates -- Part.3. Building and urban design guidelines -- Building and urban design for hot dry regions -- Building and urban design for hot humid regions -- building and urban design in cold climates -- Regions with cold winters and hot humid summers. |
| 650 #0 - SUBJECT ADDED ENTRY--TOPICAL TERM |
| Topical term or geographic name entry element |
Architecture and climate. |
| 9 (RLIN) |
322 |
| 650 #0 - SUBJECT ADDED ENTRY--TOPICAL TERM |
| Topical term or geographic name entry element |
Urban climatology. |
| 9 (RLIN) |
323 |
| 650 #0 - SUBJECT ADDED ENTRY--TOPICAL TERM |
| Topical term or geographic name entry element |
Architecture |
| General subdivision |
Environmental aspects |
| 9 (RLIN) |
324 |
| 650 #0 - SUBJECT ADDED ENTRY--TOPICAL TERM |
| Topical term or geographic name entry element |
Architectural design |
| 9 (RLIN) |
325 |
| 856 42 - ELECTRONIC LOCATION AND ACCESS |
| Materials specified |
Contributor biographical information |
| Uniform Resource Identifier |
<a href="http://www.loc.gov/catdir/bios/wiley041/97022458.html">http://www.loc.gov/catdir/bios/wiley041/97022458.html</a> |
| 856 42 - ELECTRONIC LOCATION AND ACCESS |
| Materials specified |
Publisher description |
| Uniform Resource Identifier |
<a href="http://www.loc.gov/catdir/description/wiley032/97022458.html">http://www.loc.gov/catdir/description/wiley032/97022458.html</a> |
| 856 42 - ELECTRONIC LOCATION AND ACCESS |
| Materials specified |
Table of Contents |
| Uniform Resource Identifier |
<a href="http://www.loc.gov/catdir/toc/onix03/97022458.html">http://www.loc.gov/catdir/toc/onix03/97022458.html</a> |
| 942 ## - ADDED ENTRY ELEMENTS (KOHA) |
| Institution code [OBSOLETE] |
SADA |
| Koha item type |
Book |
| Call number prefix |
720.47 GIV 1997 |
| Source of classification or shelving scheme |
|